MARC

LEADER 00000nam0a2200000 4500
001 116016
005 20231031123035.0
010 |a 0194388492 
035 |a (RuTPU)RU\TPU\book\125530 
035 |a RU\TPU\book\125526 
090 |a 116016 
100 |a 20070517d2006 m y0engy50 ba 
101 0 |a eng 
102 |a US 
105 |a a j 000zy 
200 1 |a Natural English. Elementary  |e student's book  |f R. Gairns, S. Redman 
210 |a New York  |c Oxford University Press  |d 2006 
215 |a 160 p.  |c il. 
610 1 |a английский язык 
610 1 |a учебные пособия 
610 1 |a лексика 
610 1 |a грамматика 
610 1 |a разговорная речь 
610 1 |a упражнения 
686 |a Ш143.21-923  |v LBC/SL-A  |2 rubbk 
700 1 |a Gairns  |b R.  |g Ruth 
701 1 |a Redman  |b S.  |g Stuart 
801 1 |a RU  |b 63413507  |c 20070517  |g PSBO 
801 2 |a RU  |b 63413507  |c 20170705  |g PSBO 
942 |c BK